|
|
|
|
| LEADER |
00571nam a22001697a 4500 |
| 020 |
|
|
|a 9788122609561
|
| 082 |
|
|
|a M3
|b MAT/V
|
| 100 |
|
|
|a Mathews Plakkan
|9 149562
|
| 245 |
|
|
|a Valmeekam/
|c by Mathews Plakkan
|
| 260 |
|
|
|a Thrissur:
|b Current Books,
|c 2012.
|
| 300 |
|
|
|a 151p.
|
| 650 |
|
|
|a Novel Malayalam
|9 149563
|
| 650 |
|
|
|a Literature Malayalam
|9 149564
|
| 650 |
|
|
|a Literature
|9 149565
|
| 942 |
|
|
|c BK
|
| 999 |
|
|
|c 141366
|d 141366
|
| 952 |
|
|
|0 0
|1 0
|4 0
|6 M_3_000000000000000_MAT_V
|7 0
|9 97606
|a SSUS
|b SSUS
|c STACKS
|d 2019-04-09
|g 90.00
|l 1
|o M3 MAT/V
|p 094448
|r 2019-08-05
|s 2019-07-30
|w 2019-04-09
|y BK
|